|
|
|
|
| LEADER |
02918nam a2200469 4500 |
| 001 |
978-3-319-72017-3 |
| 003 |
DE-He213 |
| 005 |
20191028162531.0 |
| 007 |
cr nn 008mamaa |
| 008 |
180424s2018 gw | s |||| 0|eng d |
| 020 |
|
|
|a 9783319720173
|9 978-3-319-72017-3
|
| 024 |
7 |
|
|a 10.1007/978-3-319-72017-3
|2 doi
|
| 040 |
|
|
|d GrThAP
|
| 050 |
|
4 |
|a HD38.5
|
| 072 |
|
7 |
|a KJMV8
|2 bicssc
|
| 072 |
|
7 |
|a BUS087000
|2 bisacsh
|
| 072 |
|
7 |
|a KJMV8
|2 thema
|
| 082 |
0 |
4 |
|a 658.7
|2 23
|
| 100 |
1 |
|
|a Akkermans, Henk.
|e author.
|4 aut
|4 http://id.loc.gov/vocabulary/relators/aut
|
| 245 |
1 |
0 |
|a Service Operations Dynamics
|h [electronic resource] :
|b Managing in an Age of Digitization, Disruption and Discontent /
|c by Henk Akkermans.
|
| 250 |
|
|
|a 1st ed. 2018.
|
| 264 |
|
1 |
|a Cham :
|b Springer International Publishing :
|b Imprint: Palgrave Pivot,
|c 2018.
|
| 300 |
|
|
|a XIX, 153 p. 57 illus., 54 illus. in color.
|b online resource.
|
| 336 |
|
|
|a text
|b txt
|2 rdacontent
|
| 337 |
|
|
|a computer
|b c
|2 rdamedia
|
| 338 |
|
|
|a online resource
|b cr
|2 rdacarrier
|
| 347 |
|
|
|a text file
|b PDF
|2 rda
|
| 505 |
0 |
|
|a Introduction -- Sales and Operations Interactions: Never the Twain Shall Meet? -- Frontoffice-Backoffice Interactions: Service Quality Cascades -- Customer Interactions: How to Enrage Customers with a Great Service -- Managing Workforce Dynamics: Hiring with Moderation -- Interacting with the Innovators: Innovation Tipping Points -- Interacting with Key Suppliers: Relationship Spirals -- Interactions with Government: Regulating the Regulators -- Conclusion: No Silver Bullet.
|
| 520 |
|
|
|a This innovative book presents an up-to-date account of service operations, spanning topics such as IT-enabled services, service supply chain and volatility of demand and supply. Combining a systems perspective with a focus on service supply chains, the chapters provide a clearly framed set of mechanisms and theories with a focus on innovation-driven sectors and the game-changing role of IT. With each chapter built around real-life examples and service companies, the primary services supply chain is discussed alongside four key stakeholder groups: workforce, customers and markets, buyers and suppliers, and IT and innovations.
|
| 650 |
|
0 |
|a Business logistics.
|
| 650 |
|
0 |
|a Information technology.
|
| 650 |
|
0 |
|a Business-Data processing.
|
| 650 |
1 |
4 |
|a Supply Chain Management.
|0 http://scigraph.springernature.com/things/product-market-codes/519030
|
| 650 |
2 |
4 |
|a IT in Business.
|0 http://scigraph.springernature.com/things/product-market-codes/522000
|
| 710 |
2 |
|
|a SpringerLink (Online service)
|
| 773 |
0 |
|
|t Springer eBooks
|
| 776 |
0 |
8 |
|i Printed edition:
|z 9783319720166
|
| 776 |
0 |
8 |
|i Printed edition:
|z 9783319720180
|
| 776 |
0 |
8 |
|i Printed edition:
|z 9783030101473
|
| 856 |
4 |
0 |
|u https://doi.org/10.1007/978-3-319-72017-3
|z Full Text via HEAL-Link
|
| 912 |
|
|
|a ZDB-2-BUM
|
| 950 |
|
|
|a Business and Management (Springer-41169)
|